000 00746nam a2200253Ia 4500
003 OSt
005 20220928113656.0
006 a|||||r|||| 00| 0
007 ta
008 220927b |||||||| |||| 00| 0 eng d
020 _cINR 2000.00
024 _a140299
037 _b065, 18/02/2019, Kiran Book Service
_cTextual
040 _aSDCL
_cSDCL
_beng
041 _2eng
_aeng
082 _aQ.1'P, Q3
100 _aMahajan Vashisth
_9434419
245 0 _aWorld religions
_b The great faiths
260 _aNew Delhi
_bCreon publication
_c2013
300 _avii,280p.
_ccm.
650 _aSanskrit
_9391587
942 _hQ.1'P, Q3
_cTEXL
_2CC
999 _c750759
_d750759